ბათუმის შოთა რუსთაველის სახელმწიფო უნივერსიტეტის ბიბლიოთეკა

Квалификационные методы испытания нефтяных топлив. (ბიბ.ჩანაწერი № 38261)

000 -LEADER
fixed length control field 00679nam a2200205Ia 4500
001 - CONTROL NUMBER
control field 4251
003 - CONTROL NUMBER IDENTIFIER
control field GE_BSU
008 - FIXED-LENGTH DATA ELEMENTS--GENERAL INFORMATION
fixed length control field 181216s||||||||xx |||||||||||||| ||und||
040 ## - CATALOGING SOURCE
Transcribing agency GE_BSU
080 ## - UNIVERSAL DECIMAL CLASSIFICATION NUMBER
Universal Decimal Classification number 662.753.12
100 ## - MAIN ENTRY--PERSONAL NAME
Personal name Гуреев,А.А. Серегин,Е.П. Азев,В.С.
245 ## - TITLE STATEMENT
Title Квалификационные методы испытания нефтяных топлив.
245 ## - TITLE STATEMENT
Statement of responsibility, etc. Ред. И.А. Захаръянц.
260 ## - PUBLICATION, DISTRIBUTION, ETC.
Place of publication, distribution, etc. М.
260 ## - PUBLICATION, DISTRIBUTION, ETC.
Name of publisher, distributor, etc. Химия.
260 ## - PUBLICATION, DISTRIBUTION, ETC.
Date of publication, distribution, etc. 1984.
300 ## - PHYSICAL DESCRIPTION
Extent 200 стр. 21 см.с илл.
653 ## - INDEX TERM--UNCONTROLLED
Uncontrolled term Квалификационные методы испытания нефтяных топлив.
942 ## - ADDED ENTRY ELEMENTS (KOHA)
Koha item type წიგნი
ეგზემპლარები
Withdrawn status Lost status Damaged status Not for loan Date acquired Barcode Date last seen Price effective from Koha item type Public note
        2018-12-17 9542 2018-12-17 2018-12-17 წიგნი საცავი